1358 1573 1967 1271 1875 1258 1635 1924 1672 1338 1155 1152 1942 1823 1890 1675 1122 1721 1216 1088 1700 1407 1309 1936 1548 1056 1425 1752 1047 1547 1090 1185 1470 1301 1898 1777 1736 1933 1514 1025 1140 1765 1291 1933 1092 1275 1702 1396 1365 1858 1086 1861 1818 1867 1661 1393 1974 1368 1675 1603 1781 1951 1338 1654 1042 1967 1144 1951 1621 1293 1709 1084 1846 1949 1753 1288 1429 1015 1584 1470 1179 1756 1264 1286 1524 1168 1266 1917 1704 1633 1415 1990 1158 1611 1674 1369 1518 1176 1832 BCNSPRNW ULIB Ver.6.0+V

เปลี่ยนเป็นภาษาไทย

Change to English
 แสดงรายละเอียดบรรณานุกรม
  กลับหน้าหลัก

Brief Record : Get Marc (ISO 2709) : E-mail record : QR code < ปิดหน้าต่าง
LEADER : 00000nam 2200000uu 4500
001    13399126167
003     ULIB
008    180626s2559||||th 000 0 tha d
020    ^a9786160027347
050    ^aนว^bส887บ
100  0  ^aเสี่ยวจี้(ลิซ).
245  1  ^aวายุหงสา /^cเสี่ยวจี้(ลิซ).
250    ^aพิมพ์ครั้งที่ 1.
260    ^aกรุงเทพฯ :^bPrincess,^c2559.
300    ^a760 หน้า ;^c21 ซม.
490  1  ^aชุดจอมใจพยัคฆ์
830    0 ^aชุดจอมใจพยัคฆ์.
850    ^aมบ.
945    ^p490^l0^i004273
999    ^aประนอม เกษจรัล
รายการนี้ยังไม่มีแท็ก
คุณยังไม่ได้ล็อกอิน คุณสามารถมีกิจกรรมร่วมกับเว็บไซต์ได้ แต่ต้องล็อกอินก่อน ::
  ล็อกอิน

รายการสื่อสารสนเทศ

ลำดับที่ ประเภท เลขเรียก/บาร์โค้ด สถานที่ สถานะ
1. นวนิยาย
นวนิยาย
นว ส887บ ฉ.1 
  Barcode: 004273
ห้องสมุดวิทยาเขตสวรรค์ประชารักษ์
►หนังสือทั่วไป
บนชั้น

BibComment


ยังไม่เคยถูกคอมเมนท์

คอมเมนท์ทรัพยากรรายการนี้
  คอมเมนท์: วายุหงสา เสี่ย..


 Copyright 2026. Bcnsprnw @Library